Storia dell'impresionismo / (Registro nro. 190965)
[ vista simple ]
| 000 -LEADER | |
|---|---|
| campo de control de longitud fija | 00821nam a2200241 i 4500 |
| 001 - NÚMERO DE CONTROL | |
| campo de control | 190965 |
| 003 - IDENTIFICADOR DE NÚMERO DE CONTROL | |
| campo de control | ES-MaACL |
| 005 - FECHA Y HORA DE LA ÚLTIMA TRANSACCIÓN | |
| campo de control | 20250815140448.0 |
| 008 - DATOS DE LONGITUD FIJA--INFORMACIÓN GENERAL | |
| campo de control de longitud fija | 220908s it |||| ||ita d |
| 080 ## - NÚMERO DE LA CLASIFICACIÓN DECIMAL UNIVERSAL | |
| Número de la Clasificación Decimal Universal | 75.0362(44) |
| 080 ## - NÚMERO DE LA CLASIFICACIÓN DECIMAL UNIVERSAL | |
| Número de la Clasificación Decimal Universal | 75(44)"185/19" |
| 100 1# - ENTRADA PRINCIPAL--NOMBRE DE PERSONA | |
| Nombre de persona | Rewald, John. |
| 9 (RLIN) | 96477 |
| 245 00 - MENCIÓN DEL TÍTULO | |
| Título | Storia dell'impresionismo / |
| Mención de responsabilidad, etc. | John Rewald ; prefazione di Roberto Longhi ; traduzione a cura di Antonio Boschetto. |
| 260 ## - PUBLICACIÓN, DISTRIBUCIÓN, ETC. | |
| Lugar de publicación, distribución, etc. | Firenze : |
| Nombre del editor, distribuidor, etc. | Sansoni. |
| 300 ## - DESCRIPCIÓN FÍSICA | |
| Extensión | XXIX, 316 p., [192] h. de lám. : |
| Otras características físicas | il. ; |
| Dimensiones | 28 cm. |
| 650 #7 - PUNTO DE ACCESO ADICIONAL DE MATERIA--TÉRMINO DE MATERIA | |
| Término de materia o nombre geográfico como elemento de entrada | Impresionismo (Arte) |
| Fuente del encabezamiento o término | embne |
| 9 (RLIN) | 136699 |
| 700 1# - ENTRADA AGREGADA--NOMBRE PERSONAL | |
| Nombre de persona | Boschetto, Antonio. |
| 9 (RLIN) | 30673 |
| 700 1# - ENTRADA AGREGADA--NOMBRE PERSONAL | |
| Nombre de persona | Longhi, Roberto. |
| 9 (RLIN) | 73239 |
| 852 4# - LOCALIZACIÓN | |
| Ubicación | ES-MaACL |
| itemnumber | 198154 |
| Número de control de estantería | A-166 |
| Ubicación en estantería | Sala Pecera Planta 1 |
| Sublocalización o colección | R.29335 |
| 942 ## - ELEMENTOS DE ENTRADA SECUNDARIOS (KOHA) | |
| Fuente del sistema de clasificación o colocación | Clasificación decimal universal |
| Tipo de ítem Koha | Libro impreso |
| Estatus retirado | Estado de pérdida | Fuente del sistema de clasificación o colocación | Estado de daño | No para préstamo | Biblioteca de origen | Biblioteca actual | Ubicación en estantería | Fecha de adquisición | Total de préstamos | Signatura topográfica completa | Código de barras | Visto por última vez | Precio de reemplazo | Tipo de ítem Koha |
|---|---|---|---|---|---|---|---|---|---|---|---|---|---|---|
| Clasificación decimal universal | Biblioteca del Ateneo de Madrid | Biblioteca del Ateneo de Madrid | Sala Pecera Planta 1 | 08/09/2022 | A-166 | 1203271 | 23/02/2023 | 23/02/2023 | Libro impreso |
